00333nam a2200133Ia 4500008004100000041000800041082001600049100001400065245001900079250001500098260004400113300003100157365001100188240624s9999 xx 000 0 und d aeng a330.954 MIS aMISRA S K aINDIAN ECONOMY a(26th ed.) c2007aMumbaibHimalaya Publishing House axxi, : 847 : p. : cm. ; 28 cRSb25